000 00851nam a2200241 a 4500
001 BRCA_1235
005 20190320203335.0
008 010408s--------sp-a---###---#000-0#spa-#
020 _a8439512112 (Obra completa)
050 4 _aNK2385
_b.M83 1989
245 1 0 _aEl mueble del siglo XIX
260 _aBarcelona
_bPlaneta-Agostini
_c1989
300 _a2 v.
_bil. a color
_c25 cm.
440 0 _aEl mundo de las antigüedades
_94060
504 _aBibliografía : p. 80
505 0 _aContenido:v.1 Inglaterra -- v.2 Francia, España y Portugal.
650 1 4 _aMuebles
_xHistoria
_ySiglo XIX
_94061
650 1 4 _aMuebles
_xHistoria
_ySiglo XIX
_zInglaterra
_94062
650 1 4 _aMuebles
_xHistoria
_ySiglo XIX
_zFrancia
_94063
650 1 4 _aMuebles
_xHistoria
_ySiglo XIX
_zEspaña
_94064
650 1 4 _aMuebles
_xHistoria
_ySiglo XIX
_zPortugal
_94065
942 _2lcc
_cB
999 _c1105
_d1105